Ячейки для исследования термоэлектрических и контактных явлений; Приборы и техника эксперимента; № 3

Bibliografiske detaljer
Parent link:Приборы и техника эксперимента/ Российская академия наук.— , 1956-.— 0032-8162
№ 3.— 2002.— с. 137-138
Hovedforfatter: Бондаренко И. К.
Andre forfattere: Марков В. Н., Соловьёв В. Г.
Sprog:russisk
Udgivet: 2002
Serier:Лабораторная техника
Fag:
Format: MixedMaterials Book Chapter
KOHA link:https://koha.lib.tpu.ru/cgi-bin/koha/opac-detail.pl?biblionumber=427071

MARC

LEADER 00000naa2a2200000 4500
001 427071
005 20231101074622.0
035 |a (RuTPU)RU\TPU\prd\86185 
035 |a RU\TPU\prd\9516 
090 |a 427071 
100 |a 20100903a2002 k y0rusy50 ca 
101 0 |a rus 
102 |a RU 
200 1 |a Ячейки для исследования термоэлектрических и контактных явлений   |f И. К. Бондаренко, В. Н. Марков, В. Г. Соловьёв 
225 1 |a Лабораторная техника 
320 |a Библиогр.: 4 назв. 
461 1 |0 (RuTPU)RU\TPU\prd\300  |x 0032-8162  |t Приборы и техника эксперимента  |f Российская академия наук  |d 1956- 
463 1 |0 (RuTPU)RU\TPU\prd\86160  |t № 3  |v с. 137-138  |d 2002 
610 1 |a термоэлектрические явления 
610 1 |a ячейки измерительные 
610 1 |a полупроводниковые материалы 
675 |a 53.082:537.312.6  |v 3 
700 1 |a Бондаренко  |b И. К. 
701 1 |a Марков  |b В. Н. 
701 1 |a Соловьёв  |b В. Г. 
801 1 |a RU  |b 63413507  |c 20021226  |g PSBO 
801 2 |a RU  |b 63413507  |c 20100903  |g RCR 
942 |c BK